[Event "Helsingor Xtracon op"]
[Site "Helsingor"]
[Date "2018.07.25"]
[Round "6"]
[White "Skaarup, Kasper"]
[Black "Svane, Frederik"]
[Result "0-1"]
[WhiteElo "2037"]
[BlackElo "2266"]
[PlyCount "97"]
[EventDate "2018.07.21"]
[EventType "swiss"]
[EventRounds "10"]
[EventCountry "DEN"]
[SourceTitle "CBM 185 Extra"]
[Source "ChessBase"]
[SourceDate "2018.07.29"]
[SourceVersion "1"]
[SourceVersionDate "2018.07.29"]
[SourceQuality "1"]

1. d4 Nf6 2. Bg5 e6 3. e4 h6 4. Bxf6 Qxf6 5. c3 d6 6. Nd2 g6 7. Bd3 Bg7 8. Ne2 0-0 9. 0-0 Qe7 10. f4 e5 11. Nf3 Nd7 12. Qc2 b6 13. Rae1 Bb7 14. fxe5 dxe5 15. d5 Nc5 16. Ng3 Rad8 17. Bc4 Bc8 18. b4 Nb7 19. Nd2 h5 20. Bd3 h4 21. Ne2 Qg5 22. c4 f5 23. Nc3 f4 24. Nb5 Qe7 25. Nxa7 Qxb4 26. Nb3 Bd7 27. Qf2 Ra8 28. Nb5 Bxb5 29. cxb5 Qe7 30. Rc1 Nd6 31. Rc6 Ra7 32. Rfc1 Kh7 33. R1c2 Nf7 34. Nd2 h3 35. gxh3 Ng5 36. Bf1 Bf6 37. h4 Nf7 38. Nf3 Nd6 39. Bd3 Rc8 40. Kf1 Ra3 41. Ke2 Ra4 42. Ng5+ Bxg5 43. hxg5 Qxg5 44. Rxd6 cxd6 45. Rxc8 Qg4+ 46. Kd2 Qxc8 47. Qh4+ Kg8 48. Qf6 Rxa2+ 49. Kd1 0-1

[Event "Helsingor Xtracon op"]
[Site "Helsingor"]
[Date "2018.07.23"]
[Round "4"]
[White "Skaarup, Kasper"]
[Black "Ponomarev, Denis1111"]
[Result "1/2-1/2"]
[WhiteElo "2037"]
[BlackElo "1797"]
[PlyCount "93"]
[EventDate "2018.07.21"]
[EventType "swiss"]
[EventRounds "10"]
[EventCountry "DEN"]
[SourceTitle "CBM 185 Extra"]
[Source "ChessBase"]
[SourceDate "2018.07.29"]
[SourceVersion "1"]
[SourceVersionDate "2018.07.29"]
[SourceQuality "1"]

1. d4 Nf6 2. Bg5 Ne4 3. Bf4 d5 4. f3 Nf6 5. Nc3 e6 6. e4 Bb4 7. e5 Nfd7 8. a3 Bxc3+ 9. bxc3 c5 10. Ne2 Nc6 11. g3 h5 12. h4 Qa5 13. Bd2 Qc7 14. Bh3 Nb6 15. 0-0 Bd7 16. f4 0-0-0 17. Be3 Nc4 18. Bf2 f6 19. exf6 gxf6 20. dxc5 e5 21. Bg2 Be6 22. Re1 Rhg8 23. Kh2 Ne7 24. fxe5 fxe5 25. Nd4 exd4 26. Rxe6 Ne3 27. Qe2 N7f5 28. Bh3 Rxg3 29. Rd6 Rxh3+ 30. Kxh3 Nxd6 31. cxd6 Qd7+ 32. Kh2 Qg4 33. Qxg4+ Nxg4+ 34. Kg3 Nxf2 35. Kxf2 dxc3 36. Rg1 Rxd6 37. Rg5 Kc7 38. Rxh5 Kc6 39. Ke3 Rg6 40. Kd4 Rg4+ 41. Kxc3 a5 42. Rh8 Rg3+ 43. Kb2 Rh3 44. h5 Kc5 45. h6 Kd4 46. h7 Rh4 47. a4 1/2-1/2

[Event "Helsingor Xtracon op"]
[Site "Helsingor"]
[Date "2018.07.21"]
[Round "1"]
[White "Morling, Aase"]
[Black "Skaarup, Kasper"]
[Result "0-1"]
[WhiteElo "1476"]
[BlackElo "2037"]
[PlyCount "87"]
[EventDate "2018.07.21"]
[EventType "swiss"]
[EventRounds "10"]
[EventCountry "DEN"]
[SourceTitle "CBM 185 Extra"]
[Source "ChessBase"]
[SourceDate "2018.07.29"]
[SourceVersion "1"]
[SourceVersionDate "2018.07.29"]
[SourceQuality "1"]

1. e4 e6 2. d4 d5 3. e5 c5 4. c3 Qb6 5. Bd3 Nc6 6. Nf3 cxd4 7. cxd4 Bd7 8. 0-0 Nxd4 9. Nxd4 Qxd4 10. Nc3 Qxe5 11. Re1 Qb8 12. Nxd5 Bd6 13. g3 Ne7 14. Nxe7 Bxe7 15. Qg4 Bf6 16. Qb4 a5 17. Qb3 0-0 18. Bb5 Qe8 19. Bxd7 Qxd7 20. Rd1 Qc6 21. a4 g6 22. Be3 Rfd8 23. Rac1 Qf3 24. Qc2 Kg7 25. Re1 Qg4 26. Qe2 Qxa4 27. Ra1 Qb4 28. Rab1 Rac8 29. Red1 Rxd1+ 30. Qxd1 a4 31. Bd2 Qe4 32. Rc1 Rc4 33. Rxc4 Qxc4 34. Bc3 Bxc3 35. bxc3 b5 36. Qa1 h6 37. Kg2 Kh7 38. h3 Qb3 39. h4 h5 40. Kh2 a3 41. Kh3 Qb2 42. Qd1 Qxc3 43. Qd7 Kg7 44. Qxb5 0-1

[Event "Aarhus op-A"]
[Site "Aarhus"]
[Date "2017.09.10"]
[Round "7"]
[White "Vangsgaard, Freja"]
[Black "Skaarup, Kasper"]
[Result "1/2-1/2"]
[WhiteElo "2062"]
[BlackElo "1853"]
[PlyCount "62"]
[EventDate "2017.09.08"]
[EventType "swiss"]
[EventRounds "7"]
[EventCountry "DEN"]
[SourceTitle "EXT 2018"]
[Source "ChessBase"]
[SourceDate "2017.10.13"]
[SourceVersion "1"]
[SourceVersionDate "2017.10.13"]
[SourceQuality "1"]

1. d4 e6 2. c4 b6 3. Nc3 Bb7 4. d5 Bb4 5. g3 Bxc3+ 6. bxc3 Nf6 7. Bg2 Na6 8. e4 e5 9. Ne2 Nc5 10. Qc2 Ba6 11. Be3 Qe7 12. 0-0 Bxc4 13. Rad1 Rc8 14. h3 0-0 15. Bg5 h6 16. Bxf6 Qxf6 17. f4 Bxe2 18. Qxe2 exf4 19. e5 Rfe8 20. Rde1 f3 21. Bxf3 Qg6 22. Bg4 Re7 23. Rf3 Rce8 24. Re3 Qh7 25. h4 d6 26. e6 f5 27. Bf3 Rf8 28. Bg2 g6 29. Rf1 Qg7 30. Qc4 h5 31. Qd4 a5 1/2-1/2

[Event "Aarhus op-A"]
[Site "Aarhus"]
[Date "2017.09.09"]
[Round "4"]
[White "Hansen, Lars"]
[Black "Skaarup, Kasper"]
[Result "1-0"]
[WhiteElo "2268"]
[BlackElo "1853"]
[PlyCount "79"]
[EventDate "2017.09.08"]
[EventType "swiss"]
[EventRounds "7"]
[EventCountry "DEN"]
[SourceTitle "EXT 2018"]
[Source "ChessBase"]
[SourceDate "2017.10.13"]
[SourceVersion "1"]
[SourceVersionDate "2017.10.13"]
[SourceQuality "1"]

1. g3 d5 2. Bg2 Nf6 3. d3 Bf5 4. Nd2 e6 5. e4 Bg6 6. Qe2 Be7 7. Ngf3 0-0 8. Ne5 Nbd7 9. Nxg6 hxg6 10. 0-0 c6 11. e5 Nh7 12. f4 Qb6+ 13. Kh1 Rae8 14. Nf3 Bc5 15. c3 a5 16. Rb1 Ra8 17. h4 Rfe8 18. d4 Bf8 19. Be3 Qc7 20. Rf2 b5 21. Bf1 Nb6 22. Rh2 f5 23. g4 Qf7 24. Qc2 Nc4 25. Bc1 Be7 26. Bd3 Rf8 27. Ng5 Nxg5 28. hxg5 Qe8 29. b3 Nb6 30. Be3 Qd7 31. Re1 Kf7 32. Bc1 Ke8 33. Rh7 Rg8 34. gxf5 gxf5 35. Bxf5 exf5 36. e6 Qc7 37. Qxf5 Bd6 38. Qg6+ Kf8 39. f5 Re8 40. f6 1-0